Statistics for Country Flag-Shapes Slideshow #1

Click here to take the quiz!

General Stats

  • This quiz has been taken 752 times
    (748 since last reset)
  • The average score is 10 of 12

Answer Stats

Answer% Correct
Saudi Arabia
94%
Ukraine
94%
Algeria
92%
Georgia
92%
Bosnia and
Herzegovina
91%
Papua New Guinea
90%
Bhutan
88%
Democratic Republic
of the Congo
88%
Trinidad and Tobago
86%
Andorra
82%
Nauru
76%
Nicaragua
76%

Score Distribution

Percentile by Number Answered

Percent of People with Each Score

Your Score History

You have not taken this quiz since the last reset